Pluralismo, sociedad y democracia: la riqueza de la diversidad
Guardado en:
| Autor Corporativo: | |
|---|---|
| Formato: | Libro |
| Lenguaje: | español |
| Publicado: |
Santiago
Fundación Felipe Herrera Lane
2000
|
| Materias: | |
| Etiquetas: |
Agregar Etiqueta
Sin Etiquetas, Sea el primero en etiquetar este registro!
|
MARC
| LEADER | 00000nam a2200000 a 4500 | ||
|---|---|---|---|
| 001 | UCM0354 | ||
| 003 | CL-VaPUC | ||
| 008 | 020125e20000000CL |||||||||||||||||spa|d | ||
| 082 | 0 | 4 | |a 320.983 |b FUN |2 21 |
| 110 | 2 | |a Fundación Felipe Herrera Lane |e author |9 467072 | |
| 245 | 1 | 0 | |a Pluralismo, sociedad y democracia: la riqueza de la diversidad |
| 300 | |a 475 p | ||
| 942 | |c BK | ||
| 945 | |d 20020125 00:00:00 |a crobeson | ||
| 260 | |a Santiago |b Fundación Felipe Herrera Lane |c 2000 | ||
| 650 | 7 | |a PLURALISMO |2 CL-VaPUC |9 328303 | |
| 650 | 0 | |a Transición democrática |9 336882 | |
| 650 | 7 | |a POLITICA Y GOBIENRO - SIGLO 20 |2 CL-VaPUC |9 467073 | |
| 651 | 7 | |a CHILE |2 CL-VaPUC |9 467074 | |
| 583 | |a last modification |c 20020125 00:00:00 |k Rodrigo Vera | ||
| 999 | |c 299279 |d 299277 | ||
| 952 | |0 0 |1 0 |4 0 |6 320_983000000000000_FUN_2000 |7 0 |8 A |9 355609 |a BIBHIS |b BIBHIS |d 2019-11-21 |i 3789136 |o 320.983 FUN 2000 |p 3789136 |r 2025-01-20 |w 2019-11-21 |y BK |k HIS | ||